| 000 | 00484nam a2200157 i 4500 | ||
|---|---|---|---|
| 001 | 50725 | ||
| 003 | ES-MaACL | ||
| 007 | t| | ||
| 008 | 030806s1935 sp ||||1| cat d | ||
| 100 | 1 |
_aCuret, Francisco. _942206 |
|
| 245 | 1 | 0 |
_aTeatres particulars a Barcelona en el segle XVIIIe / _cFrancesc Curet. |
| 260 |
_aBarcelona : _bInstitució del Teatre, _c1935 ( _fCasa de Caritat) |
||
| 300 |
_a135 p. ; _c17 cm. |
||
| 710 | 2 |
_aInstitució del Teatre. _94707 |
|
| 852 |
_aES-MaACL _jC-8533 |
||
| 999 |
_c50725 _d50725 |
||